Loading...
| Literature - American | 0 | 10 | 0 | 0 | 100 | 57 | 72.90 | 3 | 6 | 0.00 | 0.00 |
| Literature - World | 0 | 9 | 0 | 1 | 90 | 18 | 49.22 | 5 | 9 | 0.00 | 0.00 |
| Literature - European | 0 | 9 | 1 | 0 | 85 | 17 | 54.00 | 4 | 8 | 0.00 | 0.00 |
| Literature - British | 0 | 8 | 0 | 0 | 80 | 29 | 65.50 | 4 | 8 | 0.00 | 0.00 |
| Fine Arts - Classical Music | 0 | 7 | 0 | 0 | 70 | 55 | 77.14 | 2 | 5 | 0.00 | 0.00 |
| Painting/Sculpture | 0 | 6 | 0 | 0 | 60 | 54 | 85.17 | 0 | 4 | 0.00 | 0.00 |
| Philosophy | 0 | 4 | 0 | 1 | 40 | 65 | 75.00 | 1 | 2 | 0.00 | 0.00 |
| Mythology | 0 | 5 | 2 | 0 | 40 | 37 | 59.00 | 3 | 5 | 0.00 | 0.00 |
| History - American | 0 | 3 | 0 | 1 | 30 | 83 | 88.33 | 0 | 0 | 0.00 | 0.00 |
| Science - Physics | 0 | 3 | 0 | 0 | 30 | 45 | 75.00 | 1 | 3 | 0.00 | 0.00 |
| History - European | 0 | 2 | 0 | 0 | 20 | 64 | 65.00 | 0 | 1 | 0.00 | 0.00 |
| Fine Arts - Other | 0 | 2 | 1 | 1 | 15 | 100 | 102.00 | 0 | 1 | 0.00 | 0.00 |
| Social Science | 0 | 1 | 0 | 1 | 10 | 92 | 92.00 | 0 | 0 | 0.00 | 0.00 |
| Pop Culture | 0 | 1 | 0 | 0 | 10 | 41 | 41.00 | 0 | 1 | 0.00 | 0.00 |
| Religion | 0 | 1 | 0 | 0 | 10 | 52 | 52.00 | 1 | 1 | 0.00 | 0.00 |
| Science - Biology | 0 | 1 | 0 | 1 | 10 | 97 | 97.00 | 0 | 0 | 0.00 | 0.00 |
| Science - Other | 0 | 1 | 0 | 0 | 10 | 99 | 99.00 | 0 | 0 | 0.00 | 0.00 |
| History - Other | 0 | 1 | 1 | 0 | 5 | 108 | 108.00 | 0 | 0 | 0.00 | 0.00 |
| History - World | 0 | 0 | 2 | 0 | -10 | 0.00 | 0 | 0 | 0.00 | 0.00 |